000 00863nab a2200253 u 4500
001 21839
003 HDC
007 cr bn ---aaaaa
008 210310b2016mmddmy d||ne |||| 00| 0 may d
040 _aHDC
100 _aMuhamad Shaifullah Tayep
_919181
245 0 _aPortal e-perniagaan Muslimah
_c/ Muhamad Shaifullah Tayep
260 _aMalaysia:
_bNew Straits Times Press (M) Bhd.,
_c2016
300 _a1 online resource (page 9)
336 _atext
_2rdacontent
337 _acomputer
_2rdamedia
338 _aonline resource
_2rdacarrier
650 _aElectronic commerce
_zMalaysia
_919180
710 _aBerita Harian
856 _zRequest full-text at [email protected]
942 _2lcc
942 _cNEWS
942 _kNWSC 002812
999 _c19155
_d19155